Saturno contro /

Đã lưu trong:
Chi tiết về thư mục
Tác giả khác: Angiolini, Ambra (Diễn viên), Fantastichini, Ennio (Diễn viên), Buy, Margherita (Diễn viên), Accorsi, Stefano (Diễn viên), Yilmaz, Serra (Diễn viên), Ozpetek, Ferzan (Giám đốc), Favino, Pierfrancesco (Diễn viên), Argentero, Luca (Diễn viên)
Định dạng: Slide
Ngôn ngữ:Tiếng Italy
Được phát hành: Milano : Medusa video, ©2007
Loạt:Coralli collection
Các nhãn: Thêm thẻ
Không có thẻ, Là người đầu tiên thẻ bản ghi này!

MARC

LEADER 00000ngm a22000007i 4500
001 IT\ICCU\TSA\0983129
003 ItRI
005 20260124182822.0
008 071022s2007 it |||||||||||||||k|||||c
028 4 2 |a 8010020047086 
028 4 2 |a N02SF04708 
028 4 2 |a NO2RF04707  |b versione noleggio 
040 |b ita 
041 7 |a ita  |2 ISO-639-2 
082 |a 791.43  |9 CINEMA  |2 19 
130 0 |a Saturno contro <film ; 2007>  |3 IT\ICCU\TSA\0988675 
245 0 0 |a Saturno contro /  |c un film di Ferzan Ozpetek. 
260 |a Milano :  |b Medusa video,  |c ©2007 
300 |a 1 DVD video (106 min.) ;  |c in contenitore, 19 cm 
500 |a Codice area: 2; PAL; 2.35:1, ottimizzato per TV 16:9; Dolby digital 5.1; color 
500 |a Tit. del contenitore 
500 |a Produzione cinematografica Italia/Francia/Turchia 2006 
500 |a Interpreti: Stefano Accorsi, Margherita Buy, Pierfrancesco Favino, Serra Yilmaz, Ennio Fantastichini, Ambra Angiolini, Luca Argentero 
500 |a Lingue: italiano; sottotitoli: italiano per non udenti, inglese 
500 |a Contenuti extra: commento al film di Ferzan Ozpetek e Gianni Romoli; scene tagliate con commento del regista; dietro le quinte; galleria fotografica; trailer. 
700 1 |a Angiolini, Ambra  |0 IT\ICCU\LO1V\337416  |4 act 
700 1 |a Fantastichini, Ennio  |0 IT\ICCU\RAVV\088898  |4 act 
700 1 |a Buy, Margherita  |0 IT\ICCU\RAVV\092960  |4 act 
700 1 |a Accorsi, Stefano  |0 IT\ICCU\RAVV\222111  |4 act 
700 1 |a Yilmaz, Serra  |0 IT\ICCU\RAVV\344540  |4 act 
700 1 |a Ozpetek, Ferzan  |0 IT\ICCU\REAV\096588  |4 drt 
700 1 |a Favino, Pierfrancesco  |0 IT\ICCU\TO0V\455397  |4 act 
700 1 |a Argentero, Luca  |0 IT\ICCU\UBOV\168692  |4 act 
790 0 |a Ambra,  |d  (1977- )  |3 IT\ICCU\MILV\370352  |z Angiolini, Ambra 
790 1 |a Özpetek, Ferzan  |3 IT\ICCU\CFIV\339778  |z Ozpetek, Ferzan 
830 0 |a Coralli collection  |0 IT\ICCU\LO1\1176870 
942 |2 ddc  |c VM  |n 0 
952 |0 0  |1 0  |4 0  |6 VO_1610_000000000000000  |7 0  |9 26860  |a BO  |b BO  |d 2026-01-24  |i 12168  |l 0  |o VO 1610  |p BO12168  |r 2026-01-24 18:28:22  |w 2026-01-24  |x [Sebina 5] [1 dvd]  |y VM  |z 1 dvd 
999 |c 22722  |d 22722